| 000 | 003550000a22001450004500 | ||
|---|---|---|---|
| 060 | _a100 | ||
| 082 | _a582.130 438 GOO | ||
| 100 | _aGood, Ronald | ||
| 245 | _aFeatures of evolution in the flowering plants | ||
| 260 | _aNewyork, Dover Publications Inc | ||
| 260 | _c1974 | ||
| 300 | _a405 | ||
| 650 | _aFlowering plants / Angiosperms | ||
| 942 | _cBK | ||
| 999 |
_c352330 _d352330 |
||